00770 a2200169 4500001000700000020001800007040003200025100002800057245004200085250001100127260001600138300000800154362000900162490002800171520038700199650001400586123922 a9788516092771 cEscola Canadense de Niteroi aRita Helena Brockelmann10aModerna Plus: Química - aprova ENEM a1. ed. aSão Paulo bil.0 a20150 aModerna Plus: química aO Moderna Plus alia a tradição de conteúdos didáticos de alta performance com o pioneirismo em tecnologia educacional, pensado para trazer resultados reais para a sala de aula. Partindo de uma proposta completa e integrada, o projeto dialoga com as demandas atuais do Ensino Médio, preparando o adolescente para ser bem-sucedido em sua trajetória pessoal e profissional. 4aQuímica